000 00736nam a2200193 a 4500
003 0
005 20250515073144.0
008 970101s19uu xx 00 eng d
050 _aPHS LB 3609
_b.C36 2004
100 _aCamilon, Eliseo Jr. V.
245 _aThe Relationship of stress on the academic performance of fourth year high school students /
_cEliseo V. Camilon Jr.
260 _aLas PiƱas City, Philippines :
_bSouthville International School and Colleges,
_c2004.
300 _a47 pages ;
_c28 cm.
504 _aIncludes bibliographical references.
650 _aStress (Psychology) in adolescence.
650 _aAcademic achievement
_xPsychological aspects.
650 _aStress in youth
_zPhilippines.
942 _2lcc
_cPASS
999 _c97091
_d97091